000 00832nas a2200265 4500
001 BR0806162
003 BR-BrBNA
005 20231205112113.0
007 ta
008 230509b bl.|||p| |||| 00| 00por d
040 _aBR-BrBNA
_bpor
_cBiblioteca Nacional de Agricultura
041 _a(En)
072 _aF01
100 1 _aFonseca, M.J. de O.
100 1 _aSoares, A.G.
100 1 _aFreire Júnior, M.
100 1 _aAlmeida, D.L. de
100 1 _aAscheri, J.L.R.
245 1 _aEffect of extrusion-cooking in total carotenoids content in cream and orange flesh sweet potato cultivars
650 _aBATATA DOCE
650 _aEXTRUSÃO
773 0 _tHorticultura Brasileira (Brazil)
_xISSN 0102-0536
_g(Jan-Mar 2008), v. 26(1) p. 112-115
_wBR0806162
909 _a202311
_bLúcia
_c55
_dLúcia Elande
942 _2AGRIS
_n0
_cANA
999 _c196112
_d196112